00792cam a22002291 4500001001300000003000400013005001700017008004100034010001700075035001900092040004500111042001200156050002300168110004300191245018000234260002000414300001800434490003500452650002200487650003600509999001700545e 21000541 DLC20260227111212.0760715s1921 txu s000 0 eng c ae 21000541  a(OCoLC)2314358 aU.S. Bur. of educationcTxDWdOCoLCdDLC apremarc00aLB2801.T4bA5 19211 aTexas.bState Department of Education.12aA brief handbook of information for school trustees.cAnnie Webb Blanton, state superintendent of public instruction ... Issued by the Department of Education, state of Texas. a[Austin?c1921] a10 p.c22 cm.0 aBulletin,vno. 131, July, 1921 0aEducationzTexas. 0aEducational law and legislation c20486d20486